Statistics for Former "Country" Flags #9-African Great Lakes

Click here to take the quiz!

General Stats

  • This quiz has been taken 26 times
  • The average score is 6 of 9

Answer Stats

Answer% Correct
First Republic of Uganda
100%
Second Republic of Uganda
100%
Third Republic of Uganda
100%
Uganda (Monarchy in the Commonwealth)
100%
Kingdom of Burundi
96%
Buganda
25%
Bunyoro
25%
Ankole
17%
Toro Kingdom
13%

Score Distribution

Percentile by Number Answered

Percent of People with Each Score

Your Score History

You have not taken this quiz